LEADER 04890nam a22006495i 4500
001 978-3-642-16612-9
003 DE-He213
005 20151204182210.0
007 cr nn 008mamaa
008 101118s2010 gw | s |||| 0|eng d
020 |a 9783642166129  |9 978-3-642-16612-9 
024 7 |a 10.1007/978-3-642-16612-9  |2 doi 
040 |d GrThAP 
050 4 |a QA76.758 
072 7 |a UMZ  |2 bicssc 
072 7 |a UL  |2 bicssc 
072 7 |a COM051230  |2 bisacsh 
082 0 4 |a 005.1  |2 23 
245 1 0 |a Runtime Verification  |h [electronic resource] :  |b First International Conference, RV 2010, St. Julians, Malta, November 1-4, 2010. Proceedings /  |c edited by Howard Barringer, Ylies Falcone, Bernd Finkbeiner, Klaus Havelund, Insup Lee, Gordon Pace, Grigore Roşu, Oleg Sokolsky, Nikolai Tillmann. 
264 1 |a Berlin, Heidelberg :  |b Springer Berlin Heidelberg,  |c 2010. 
300 |a XIII, 492 p. 145 illus.  |b online resource. 
336 |a text  |b txt  |2 rdacontent 
337 |a computer  |b c  |2 rdamedia 
338 |a online resource  |b cr  |2 rdacarrier 
347 |a text file  |b PDF  |2 rda 
490 1 |a Lecture Notes in Computer Science,  |x 0302-9743 ;  |v 6418 
505 0 |a Invited Papers -- Automatic Requirement Extraction from Test Cases -- Code Contracts for .NET: Runtime Verification and So Much More -- Visual Debugging for Stream Processing Applications -- Runtime Verification in Context: Can Optimizing Error Detection Improve Fault Diagnosis? -- Contracts for Scala -- Runtime Analysis and Instrumentation for Securing Software -- Tutorials -- Run-Time Verification of Networked Software -- Clara: Partially Evaluating Runtime Monitors at Compile Time -- You Should Better Enforce Than Verify -- Runtime Verification for the Web -- Statistical Model Checking: An Overview -- Runtime Verification with the RV System -- Regular and Short Papers -- A Meta-Aspect Protocol for Developing Dynamic Analyses -- Behavior Abstraction in Malware Analysis -- Clara: A Framework for Partially Evaluating Finite-State Runtime Monitors Ahead of Time -- Checking the Correspondence between UML Models and Implementation -- Compensation-Aware Runtime Monitoring -- Recovery Tasks: An Automated Approach to Failure Recovery -- Formally Efficient Program Instrumentation -- Interval Analysis for Concurrent Trace Programs Using Transaction Sequence Graphs -- Causality Analysis in Contract Violation -- Reducing Configurations to Monitor in a Software Product Line -- Runtime Instrumentation for Precise Flow-Sensitive Type Analysis -- Trace Recording for Embedded Systems: Lessons Learned from Five Industrial Projects -- Verification of an AFDX Infrastructure Using Simulations and Probabilities -- Copilot: A Hard Real-Time Runtime Monitor -- StealthWorks: Emulating Memory Errors -- Efficient Data Race Detection for Async-Finish Parallelism -- Run-Time Verification of Optimistic Concurrency -- Who Guards the Guardians? — Toward V&V of Health Management Software -- Aspect-Oriented Instrumentation with GCC -- Runtime Verification for Software Transactional Memories -- Optimized Temporal Monitors for SystemC -- Runtime Verification of Stochastic, Faulty Systems -- Low-Overhead Bug Fingerprinting for Fast Debugging -- Tool Demonstrations -- ESAT: A Tool for Animating Logic-Based Specifications of Evolvable Component Systems -- A Tool Which Mines Partial Execution Traces to Improve Static Analysis -- LarvaStat: Monitoring of Statistical Properties -- WS-PSC Monitor: A Tool Chain for Monitoring Temporal and Timing Properties in Composite Service Based on Property Sequence Chart. 
650 0 |a Computer science. 
650 0 |a Software engineering. 
650 0 |a Computer programming. 
650 0 |a Programming languages (Electronic computers). 
650 0 |a Algorithms. 
650 0 |a Computer logic. 
650 1 4 |a Computer Science. 
650 2 4 |a Software Engineering/Programming and Operating Systems. 
650 2 4 |a Software Engineering. 
650 2 4 |a Algorithm Analysis and Problem Complexity. 
650 2 4 |a Logics and Meanings of Programs. 
650 2 4 |a Programming Techniques. 
650 2 4 |a Programming Languages, Compilers, Interpreters. 
700 1 |a Barringer, Howard.  |e editor. 
700 1 |a Falcone, Ylies.  |e editor. 
700 1 |a Finkbeiner, Bernd.  |e editor. 
700 1 |a Havelund, Klaus.  |e editor. 
700 1 |a Lee, Insup.  |e editor. 
700 1 |a Pace, Gordon.  |e editor. 
700 1 |a Roşu, Grigore.  |e editor. 
700 1 |a Sokolsky, Oleg.  |e editor. 
700 1 |a Tillmann, Nikolai.  |e editor. 
710 2 |a SpringerLink (Online service) 
773 0 |t Springer eBooks 
776 0 8 |i Printed edition:  |z 9783642166112 
830 0 |a Lecture Notes in Computer Science,  |x 0302-9743 ;  |v 6418 
856 4 0 |u http://dx.doi.org/10.1007/978-3-642-16612-9  |z Full Text via HEAL-Link 
912 |a ZDB-2-SCS 
912 |a ZDB-2-LNC 
950 |a Computer Science (Springer-11645)